Astrononomy : the cosmic journey (1987 edition) (Record no. 35210)

MARC details
000 -LEADER
fixed length control field 00610nam a2200157 a 4500
008 - FIXED-LENGTH DATA ELEMENTS--GENERAL INFORMATION
fixed length control field 210208s1987 ||||||||||||||||| || u
020 ## - INTERNATIONAL STANDARD BOOK NUMBER
International Standard Book Number 0534079385
050 ## - LIBRARY OF CONGRESS CALL NUMBER
Classification number QB 45 Har
100 ## - MAIN ENTRY--PERSONAL NAME
Personal name Hartmann, William K
245 10 - TITLE STATEMENT
Title Astrononomy : the cosmic journey (1987 edition)
Statement of responsibility, etc. By William K. Hgartmann
250 ## - EDITION STATEMENT
Edition statement 1987
260 ## - PUBLICATION, DISTRIBUTION, ETC.
Place of publication, distribution, etc. Belmont
Name of publisher, distributor, etc. Wadsworth Publishing Company
Date of publication, distribution, etc. 1987
300 ## - PHYSICAL DESCRIPTION
Extent xxiii, 548 pages : illustrations
650 ## - SUBJECT ADDED ENTRY--TOPICAL TERM
Topical term or geographic name entry element ASTRONOMY
995 ## - RECOMMENDATION 995 [LOCAL, UNIMARC FRANCE]
-- 128.12
-- CBU-MAIN LIBRARY (Kitwe)
-- 1
-- AVAILABLE
-- Feb 15, 2021
-- Main Library Open Access Collection
Holdings
Withdrawn status Lost status Source of classification or shelving scheme Damaged status Not for loan Home library Current library Shelving location Date acquired Total Checkouts Full call number Barcode Date last seen Price effective from Koha item type
          CBU-MAIN LIBRARY, KITWE. CBU-MAIN LIBRARY, KITWE.   11/30/2022   QB 45 Har 750705 11/30/2022 11/30/2022 MONOGRAPH